000 00696nas a2200229 4500
001 BR0706408
003 BR-BrBNA
005 20231205111254.0
007 ta
008 230509b bl.|||p| |||| 00| 00por d
040 _aBR-BrBNA
_bpor
_cBiblioteca Nacional de Agricultura
041 _a(Pt)
072 _aL40
100 1 _aPaiva, O.M.
245 1 _aEstudo topográfico do nó sinu-atrial em bovinos azebuados
650 _aBOVINO
650 _aRAÇA
650 _aAPARELHO CIRCULATÓRIO
773 0 _tRevista da Faculdade de Medicina Veterinária (Brazil)
_xISSN 0301-7273
_g(Dec 1968), v. 7(4) p. 887-893
_wBR0706408
909 _a202311
_bLúcia
_c55
_dLúcia Elande
942 _2AGRIS
_n0
_cANA
999 _c191752
_d191752